| 000 -LEADER |
| fixed length control field |
00626cam a22002051 4500 |
| 005 - DATE AND TIME OF LATEST TRANSACTION |
| control field |
20131029061848.0 |
| 008 - FIXED-LENGTH DATA ELEMENTS--GENERAL INFORMATION |
| fixed length control field |
770419s1961 cau b 000 0 eng |
| 041 0# - LANGUAGE CODE |
| Language code of text/sound track or separate title |
eng |
| 080 ## - UNIVERSAL DECIMAL CLASSIFICATION NUMBER |
| Universal Decimal Classification number |
327.39 |
| 100 1# - Rafti |
| Rafti |
Whitaker, Urban George, |
| 100 1# - Rafti |
| -- |
1924- |
| -- |
ed. |
| 245 10 - TITLE STATEMENT |
| Title |
Nationalism and international progress. |
| 250 ## - |
| -- |
Rev. and enl. ed. |
| 260 ## - |
| -- |
San Francisco, |
| -- |
Chandler Pub. Co. |
| -- |
[1961] |
| 300 ## - |
| -- |
218 p. |
| -- |
21 cm. |
| 490 0# - |
| -- |
Chandler studies in international and intercultural relations |
| 500 ## - |
| -- |
Preface to the Series : f. V-VII |
| 504 ## - BIBLIOGRAPHY, ETC. NOTE |
| Bibliography, etc |
Includes bibliography. |
| 650 #0 - |
| -- |
Nacionalizmi |
| 942 ## - ADDED ENTRY ELEMENTS (KOHA) |
| Source of classification or shelving scheme |
|
| Item type |
Books |